[Event "Challenge Frank"]
[Site "SchemingMind.com"]
[Date "2015.07.01"]
[Round "-"]
[White "Phillip Beckett"]
[Black "Transcendent"]
[Result "1/2-1/2"]
[WhiteCountry "ENG"]
[BlackCountry "ENG"]
[WhiteElo "1559"]
[WhiteRD "49"]
[BlackElo "1517"]
[BlackRD "52"]
[GameID "382857"]

1. e4 e6 2. d4 d5 3. Nd2 Nf6 4. exd5 exd5 5. Ngf3 Bd6 6. c3 O-O 7. Be2 Re8 8. O-O Bf5 9. Re1 c6 10. Nf1 Nbd7
11. Ng3 Bg6 12. Bf1 Qc7 13. Bd3 Bxd3 14. Qxd3 Bxg3 15. hxg3 Ne4 16. Bf4 Qb6 17. Rab1 Ndf6 18. Ne5 g5 19. Be3 Qc7 20. f4 Ng4
21. Nxg4 h5 22. Nf2 g4 23. Bd2 f5 24. Nxe4 dxe4 25. Qc4+ Qf7= 26. Qxf7+ Kxf7 27. Be3 Rad8 28. b4 a6 29. a4 Rh8 30. b5 cxb5
31. axb5 a5 32. b6 Rc8 33. Rb5 Ke6 34. Rxa5 Rxc3 35. Re5+ Kf6 36. d5 Rd8 37. Re6+ Kf7 38. Rh6 Rxd5 39. Rh7+ Kg6 40. Rh8 Rd7
41. Rg8+ Rg7 42. Rxg7+ Kxg7 43. Kf2 Kg6 44. Rc1 Rb3 45. Rc2 Rb1 46. Rc7 Rb2+ 47. Kf1 Rb1+ 48. Ke2 Rb2+ 49. Kf1=
1/2-1/2

[Event "Challenge Frank"]
[Site "SchemingMind.com"]
[Date "2015.07.02"]
[Round "-"]
[White "Transcendent"]
[Black "Phillip Beckett"]
[Result "1/2-1/2"]
[WhiteCountry "ENG"]
[BlackCountry "ENG"]
[WhiteElo "1606"]
[WhiteRD "64"]
[BlackElo "1543"]
[BlackRD "50"]
[GameID "382858"]

1. d4 d5 2. c4 e6 3. Nf3 Nf6 4. g3 Be7 5. Bg2 O-O 6. O-O c6 7. Qc2 Nbd7 8. Bf4 Re8 9. Rd1 Nf8 10. Nbd2 Ng6
11. e3 Nh5 12. Rac1 Nhxf4 13. gxf4 f5 14. cxd5 cxd5 15. Qc7 Bd6 16. Qxd8 Rxd8 17. Rc2 Bd7 18. Rdc1 Rac8 19. Rxc8 Rxc8 20. Rxc8+ Bxc8
21. a3 Be7 22. Bf1 Nh4 23. Ne5 Ng6 24. Nxg6 hxg6 25. Nf3 Bf6 26. Bd3 b6 27. Kg2 Bd7=
1/2-1/2

[Event "Challenge Frank"]
[Site "SchemingMind.com"]
[Date "2015.07.02"]
[Round "-"]
[White "Phillip Beckett"]
[Black "kenneth m day"]
[Result "0-1"]
[WhiteCountry "ENG"]
[BlackCountry "USA"]
[WhiteElo "1543"]
[WhiteRD "50"]
[BlackElo "1662"]
[BlackRD "51"]
[GameID "382859"]

1. e4 e5 2. Nf3 Nc6 3. Bb5 f5 4. Bxc6 dxc6 5. Nxe5 Qd4 6. Qh5+ g6 7. Nxg6 Nf6 8. Qh4 Rg8 9. Nf4 Qxe4+ 10. Kd1 Be7
11. Re1 Qb4 12. c3 Qd6 13. d4 Bd7 14. Nh5 O-O-O 15. Rxe7 Qxe7 16. Bg5 Rde8 17. Nxf6 Qe2+ 18. Kc1 Qe1+ 19. Kc2 Re2+ 20. Kb3 Be6+
21. Ka3 b5 22. d5 Bxd5 23. b3 Rd8 24. Nxd5 Rxd5 25. Qxh7 a5 26. c4 Qb4#
0-1

[Event "Challenge Frank"]
[Site "SchemingMind.com"]
[Date "2015.07.03"]
[Round "-"]
[White "kenneth m day"]
[Black "Phillip Beckett"]
[Result "1-0"]
[WhiteCountry "USA"]
[BlackCountry "ENG"]
[WhiteElo "1692"]
[WhiteRD "52"]
[BlackElo "1589"]
[BlackRD "49"]
[GameID "382860"]

1. e4 e5 2. f4 Qh4+ 3. g3 Qe7 4. d3 exf4 5. Bxf4 d5 6. Nc3 c6 7. Qe2 dxe4 8. dxe4 f5 9. O-O-O fxe4 10. Bg2 Nf6
11. Nxe4 Nxe4 12. Qxe4 Qxe4 13. Bxe4 Be6 14. Nf3 Nd7 15. Ng5 Bg8 16. Bc7 h6 17. Bg6+
1-0

[Event "Challenge Frank"]
[Site "SchemingMind.com"]
[Date "2015.07.01"]
[Round "-"]
[White "Phillip Beckett"]
[Black "ray winteringham"]
[Result "0-1"]
[WhiteCountry "ENG"]
[BlackCountry "ENG"]
[WhiteElo "1589"]
[WhiteRD "49"]
[BlackElo "1497"]
[BlackRD "49"]
[GameID "382861"]

1. e4 e5 2. Nf3 Nc6 3. Bc4 h6 4. c3 d6 5. O-O Bg4 6. h3 Bh5 7. d3 Qf6 8. g4 Bg6 9. Nbd2 Bh7 10. Nh2 Qh4
11. Kg2 Be7 12. Ndf3 Qf6 13. Qe2 g5 14. Ng1 Qg7 15. Be3 Nf6 16. f3 O-O 17. Qd2 Nd7 18. Ne2 a6 19. d4 Kh8 20. d5 Nd8
21. Ng3 Nf6 22. Bb3 c6 23. Nf5 Bxf5 24. gxf5 c5 25. c4 b5 26. a4 b4 27. Ng4 Nh5 28. f6 Nxf6 29. Nxf6 Bxf6 30. Kg3 a5
31. Rh1 Be7 32. Kf2 f5 33. h4 f4 34. hxg5 Bxg5 35. Bxc5 dxc5 36. Rag1 Qf6 37. Kf1 Nb7 38. Qh2 Nd6 39. Rg4 Nf7 40. Qh5 Kg7
41. Ke2 Qg6 42. Qh2 Rh8 43. Rhg1 Kf6
0-1

[Event "Challenge Frank"]
[Site "SchemingMind.com"]
[Date "2015.07.01"]
[Round "-"]
[White "ray winteringham"]
[Black "Phillip Beckett"]
[Result "1-0"]
[WhiteCountry "ENG"]
[BlackCountry "ENG"]
[WhiteElo "1497"]
[WhiteRD "49"]
[BlackElo "1589"]
[BlackRD "49"]
[GameID "382862"]

1. e4 e5 2. Nf3 Nc6 3. Nc3 Nf6 4. d3 Be7 5. h3 d6 6. Be2 h6 7. Be3 O-O 8. Qd2 Nh7 9. a3 Ng5 10. O-O-O Nxf3
11. Bxf3 f5 12. Nd5 fxe4 13. Bxe4 Be6 14. g4 Bxd5 15. Bxd5+ Kh8 16. Bxh6 gxh6 17. Qxh6#
1-0

[Event "Challenge Frank"]
[Site "SchemingMind.com"]
[Date "2015.07.01"]
[Round "-"]
[White "Phillip Beckett"]
[Black "fanfan_la_Tulipe"]
[Result "0-1"]
[WhiteCountry "ENG"]
[BlackCountry "AUT"]
[WhiteElo "1545"]
[WhiteRD "51"]
[BlackElo "2087"]
[BlackRD "70"]
[GameID "382863"]

1. e4 e5 2. Nf3 d6 3. d4 Nf6 4. dxe5 Nxe4 5. exd6 Bxd6 6. Bd3 Nc5 7. Bb5+ c6 8. Bc4 O-O 9. O-O Bg4 10. Be2 Qc7
11. h3 Bh5 12. Be3 Nbd7 13. Nd4 Bg6 14. Nc3 Rad8 15. Nf3 Nf6 16. Qc1 Ne6 17. Rd1 b6 18. Nd4 Nxd4 19. Bxd4 Bf4 20. Be3 Bxe3
21. Qxe3 Bxc2 22. Rxd8 Rxd8 23. Rc1 Bg6 24. Bf3 c5 25. Rd1 Rxd1+ 26. Bxd1 h6 27. Qe2 Qd7 28. Bc2 Bxc2 29. Qxc2 a6 30. Ne4 Qd4
31. Nxf6+ Qxf6 32. Qe2= b5 33. Qe8+ Kh7 34. Qe4+ g6 35. Qc2 Qd4 36. Kf1 c4 37. g3 b4 38. Ke2 a5 39. Qd2 Qe5+ 40. Kf1 c3
41. bxc3 bxc3 42. Qc2 Qc5 43. Ke2 Qc4+ 44. Ke3 a4 45. h4 h5 46. Kf3 Qb4 47. Ke3 Qc4 48. Qd3 Qc5+ 49. Ke2 c2
0-1

[Event "Challenge Frank"]
[Site "SchemingMind.com"]
[Date "2015.07.02"]
[Round "-"]
[White "fanfan_la_Tulipe"]
[Black "Phillip Beckett"]
[Result "1-0"]
[WhiteCountry "AUT"]
[BlackCountry "ENG"]
[WhiteElo "2061"]
[WhiteRD "71"]
[BlackElo "1589"]
[BlackRD "49"]
[GameID "382864"]

1. f4 e5 2. fxe5 d6 3. Nf3 dxe5 4. e4 Nc6 5. Bb5 Bg4 6. h3 Bd7 7. d3 Bd6 8. Be3 a6 9. Bxc6 Bxc6 10. Nbd2 Nf6
11. Nc4 O-O 12. Nfxe5 Bxe5 13. Nxe5 Nxe4 14. dxe4 Qxd1+ 15. Rxd1 Bxe4 16. Kf2 Bxc2 17. Rc1 Bg6 18. Rxc7 Rfc8 19. Rhc1 Rxc7 20. Rxc7 b5
21. Nxg6 hxg6 22. Ra7 Rxa7 23. Bxa7 f5 24. Kf3 Kf7 25. Kf4 Kf6 26. Bd4+ Kf7 27. b4
1-0

[Event "Challenge Frank"]
[Site "SchemingMind.com"]
[Date "2015.07.01"]
[Round "-"]
[White "Phillip Beckett"]
[Black "Simon Green"]
[Result "0-1"]
[WhiteCountry "ENG"]
[BlackCountry "ENG"]
[WhiteElo "1589"]
[WhiteRD "49"]
[BlackElo "1559"]
[BlackRD "51"]
[GameID "382865"]

1. e4 e6 2. d4 d5 3. Nd2 Nf6 4. e5 Nfd7 5. f4 c5 6. c3 c4 7. Ndf3 f5 8. Ne2 Be7 9. g3 O-O 10. Bh3 Nc6
11. O-O b5 12. a3 Na5 13. Be3 Bb7 14. Bg2 Nb3 15. Nc1 Nxa1
0-1

[Event "Challenge Frank"]
[Site "SchemingMind.com"]
[Date "2015.07.02"]
[Round "-"]
[White "Simon Green"]
[Black "Phillip Beckett"]
[Result "1-0"]
[WhiteCountry "ENG"]
[BlackCountry "ENG"]
[WhiteElo "1559"]
[WhiteRD "51"]
[BlackElo "1589"]
[BlackRD "49"]
[GameID "382866"]

1. d4 d5 2. e3 Nf6 3. Bd3 c5 4. c3 e6 5. f4 Nc6 6. Nf3 Bd6 7. O-O Qc7 8. Nbd2 cxd4 9. cxd4 O-O 10. Ne5 Bxe5
11. fxe5 Nd7 12. Nf3 Nb4 13. Ng5 h6 14. Nh3 Nxd3 15. Qxd3 b6 16. Nf4 a5 17. e4 dxe4 18. Qxe4 Bb7 19. Qe3 Qc6 20. Qg3 f5
21. Ng6 Rf7 22. Bxh6 Kh7 23. Nf4 Nf8 24. Bg5 g6 25. Qh4+ Kg8 26. Bf6 Rh7 27. Qg5 Qe4 28. Nxg6 Qxd4+ 29. Rf2 Bxg2 30. Nh8+ Rg7
31. Qxg7#
1-0

[Event "Challenge Frank"]
[Site "SchemingMind.com"]
[Date "2015.07.01"]
[Round "-"]
[White "Phillip Beckett"]
[Black "Chessibelle"]
[Result "1-0"]
[WhiteCountry "ENG"]
[BlackCountry "ENG"]
[WhiteElo "1589"]
[WhiteRD "49"]
[BlackElo "1215"]
[BlackRD "58"]
[GameID "382867"]

1. e4 e5 2. Nf3 Nc6 3. d4 h6 4. dxe5 d6 5. exd6 cxd6 6. Bc4 Nf6 7. O-O Nxe4 8. Re1 f5 9. Qd5 Qc7 10. Nc3 Ne7
11. Qf7+ Kd8 12. Nxe4 b6 13. Be6 Ba6 14. Bf4 Bb5 15. Nxd6 Qxd6 16. Bxd6
1-0

[Event "Challenge Frank"]
[Site "SchemingMind.com"]
[Date "2015.07.02"]
[Round "-"]
[White "Chessibelle"]
[Black "Phillip Beckett"]
[Result "1-0"]
[WhiteCountry "ENG"]
[BlackCountry "ENG"]
[WhiteElo "1215"]
[WhiteRD "58"]
[BlackElo "1589"]
[BlackRD "49"]
[GameID "382868"]

1. Nf3 Nf6 2. d4 d5 3. e3 e6 4. Nc3 c5 5. Bd2 Nc6 6. Bb5 a6 7. Bd3 Bd6 8. g3 O-O 9. a3 cxd4 10. exd4 Bd7
11. Ng5 h6 12. Nf3 Rc8 13. O-O Na5 14. Ne5 Nc4 15. Bc1 Nxe5 16. Be2 Nc4 17. Qd3 b5 18. b4 Qe7 19. f4 Bb8 20. Bf3 Ne8
21. Ne2 Ned6 22. Bg2 Nb6 23. h3 Ndc4 24. Qf3 g5 25. h4 gxh4 26. Qg4+ Kh7 27. Bh3 Rg8 28. Qh5 hxg3 29. f5 g2 30. Qxh6#
1-0

[Event "Challenge Frank"]
[Site "SchemingMind.com"]
[Date "2015.07.01"]
[Round "-"]
[White "Phillip Beckett"]
[Black "frankly"]
[Result "0-1"]
[WhiteCountry "ENG"]
[BlackCountry "ENG"]
[WhiteElo "1589"]
[WhiteRD "49"]
[BlackElo "2436"]
[BlackRD "60"]
[GameID "382869"]

1. e4 c5 2. Nf3 Nc6 3. d4 cxd4 4. Nxd4 e5 5. Nb5 d6 6. N1c3 a6 7. Na3 b5 8. Nd5 Nf6 9. Bg5 Be7 10. c3 Nxe4
11. Bxe7 Nxe7 12. Nxe7 Qxe7 13. Qd5 Bb7 14. Qd3 O-O 15. f3 Qh4+ 16. g3 Nxg3 17. hxg3 Qxh1 18. O-O-O Qxf3 19. Qb1 Qe3+
0-1

[Event "Challenge Frank"]
[Site "SchemingMind.com"]
[Date "2015.07.01"]
[Round "-"]
[White "frankly"]
[Black "Phillip Beckett"]
[Result "1-0"]
[WhiteCountry "ENG"]
[BlackCountry "ENG"]
[WhiteElo "2436"]
[WhiteRD "60"]
[BlackElo "1589"]
[BlackRD "49"]
[GameID "382870"]

1. e4 e5 2. Nf3 Nc6 3. d4 exd4 4. Nxd4 Bc5 5. Be3 Qf6 6. c3 Nge7 7. Qf3 Nxd4 8. Qxf6 gxf6 9. cxd4 Bb4+ 10. Nc3 f5
11. e5 Ng6 12. O-O-O f4 13. Bd2 d6 14. Nb5 Bxd2+ 15. Kxd2 Kd8 16. exd6 cxd6 17. Bc4 a6 18. Nxd6 b5 19. Nxf7+
1-0

[Event "Challenge Frank"]
[Site "SchemingMind.com"]
[Date "2015.07.07"]
[Round "-"]
[White "Phillip Beckett"]
[Black "Stephen Woodhouse"]
[Result "0-1"]
[WhiteCountry "ENG"]
[BlackCountry "ENG"]
[WhiteElo "1589"]
[WhiteRD "49"]
[BlackElo "1872"]
[BlackRD "48"]
[GameID "383036"]

1. e4 e6 2. d4 d5 3. e5 c5 4. c3 Nc6 5. Nf3 Bd7 6. Bd3 Nge7 7. O-O Nf5 8. Bxf5 exf5 9. Bf4 cxd4 10. cxd4 Qb6
11. Nc3 Be6 12. Qd2 Be7 13. b3 Rc8 14. Na4 Qb4 15. Qxb4 Nxb4 16. Rac1 Kd7 17. a3 Nd3 18. Rxc8 Rxc8 19. Be3 Bxa3 20. Rd1 Nb2
21. Ra1 Nxa4 22. g3 Bb2 23. Rxa4 a6 24. b4 Rc4 25. Kg2 Bc3 26. Bd2 Bxd2 27. Nxd2 Rxd4 28. Nb3 Rc4 29. Na5 Rc7 30. Nb3 Kc6
31. Nc5 Kb5 32. Ra5+ Kxb4 33. Nxb7 Rxb7
0-1

[Event "Challenge Frank"]
[Site "SchemingMind.com"]
[Date "2015.07.07"]
[Round "-"]
[White "Stephen Woodhouse"]
[Black "Phillip Beckett"]
[Result "1-0"]
[WhiteCountry "ENG"]
[BlackCountry "ENG"]
[WhiteElo "1872"]
[WhiteRD "48"]
[BlackElo "1589"]
[BlackRD "49"]
[GameID "383037"]

1. e4 e5 2. Nf3 Nc6 3. d4 exd4 4. Nxd4 Bc5 5. Be3 Qf6 6. c3 Nge7 7. Bc4 Nxd4 8. Bxd4 Bxd4 9. Qxd4 Qxd4 10. cxd4 d6
11. Nc3 O-O 12. Nb5 a6 13. Nxc7 Rb8 14. Nd5 Nxd5 15. Bxd5 Be6 16. Bxe6 fxe6 17. Rc1 Rfc8 18. Kd2 Kf7 19. Rxc8 Rxc8 20. Rc1 Rxc1
21. Kxc1 Kf6 22. Kd2 e5 23. Ke3 Ke6 24. f4 exf4+ 25. Kxf4 Kf6 26. e5+ dxe5+ 27. dxe5+ Ke6 28. Ke4 b5 29. b4 g6 30. g3
1-0

[Event "Challenge Frank"]
[Site "SchemingMind.com"]
[Date "2015.07.06"]
[Round "-"]
[White "Scooter"]
[Black "Stephen Woodhouse"]
[Result "1/2-1/2"]
[WhiteCountry "USA"]
[BlackCountry "ENG"]
[WhiteElo "1712"]
[WhiteRD "45"]
[BlackElo "1872"]
[BlackRD "48"]
[GameID "383038"]

1. d4 e6 2. Nf3 d5 3. Bf4 Bd6 4. Bxd6 Qxd6 5. c3 Nf6 6. e3 O-O 7. Be2 c5 8. O-O Nc6 9. Nbd2 Bd7 10. Bb5 Rac8
11. Bxc6 Rxc6 12. Ne5 Rc7 13. Ndf3 cxd4 14. cxd4 Rfc8 15. a3 Rc2 16. b4 Bb5 17. Re1 Ne4 18. a4 Bd7 19. Re2 Rxe2 20. Qxe2 f6
21. Nxd7 Qxd7 22. h3 Qc6 23. b5 Qc2 24. Ra2 Qxe2 25. Rxe2 b6 26. Ra2 Kf7 27. Kf1 Rc4 28. g4 Ke7 29. Ne1 Nc3 30. Rc2 Nxa4
31. Rxc4 dxc4 32. Nc2 Kd6 33. Ke1 Kd5 34. f3 f5 35. Nb4+ Kd6 36. Kd2 fxg4 37. hxg4 h6 38. Nc2 g6 39. Ne1 h5 40. gxh5 gxh5
41. Ng2 e5 42. dxe5+ Kxe5 43. Nf4 h4 44. Ng6+ Kd5 45. Nxh4 Kc5 46. f4 Kxb5 47. f5 Kc5 48. e4 Kd6 49. Ng6 Nc5 50. e5+ Kd7
51. e6+ Nxe6 52. fxe6+ Kxe6 53. Kc3 Kd5 54. Ne7+ Kc5 55. Nc8 b5 56. Nxa7 b4+ 57. Kc2 Kb6 58. Nc8+ Ka5 59. Nd6 c3 60. Kb3 Kb6
61. Ne4=
1/2-1/2

[Event "Challenge Frank"]
[Site "SchemingMind.com"]
[Date "2015.07.06"]
[Round "-"]
[White "Stephen Woodhouse"]
[Black "Scooter"]
[Result "1-0"]
[WhiteCountry "ENG"]
[BlackCountry "USA"]
[WhiteElo "1872"]
[WhiteRD "48"]
[BlackElo "1712"]
[BlackRD "45"]
[GameID "383039"]

1. e4 c6 2. d4 d5 3. exd5 cxd5 4. c4 Nf6 5. Nc3 e6 6. Nf3 Be7 7. cxd5 Nxd5 8. Bd3 a6 9. O-O O-O 10. Qe2 h6
11. Re1 Bb4 12. Bd2 b5 13. Nxd5 Bxd2 14. Nxd2 exd5 15. Rac1 Bb7 16. Qe7 Qxe7 17. Rxe7 Bc8 18. Rcc7 Nd7 19. Nf3 Nf6 20. Ne5 Be6
21. f4 Rac8 22. Kf2 Rxc7 23. Rxc7 Ng4+ 24. Nxg4 Bxg4 25. Rc6 Bc8 26. Be2 Re8 27. Bf3 Bb7 28. Rc7 Rb8 29. Ke3 Kf8 30. Bh5 g6
31. Bf3 Ke8 32. Kd3 h5 33. g3 Ba8 34. f5 Bb7 35. fxg6
1-0

[Event "Challenge Frank"]
[Site "SchemingMind.com"]
[Date "2015.07.09"]
[Round "-"]
[White "Transcendent"]
[Black "Stephen Woodhouse"]
[Result "1/2-1/2"]
[WhiteCountry "ENG"]
[BlackCountry "ENG"]
[WhiteElo "1606"]
[WhiteRD "64"]
[BlackElo "1854"]
[BlackRD "48"]
[GameID "383040"]

1. d4 e6 2. c4 d5 3. Nf3 c5 4. cxd5 exd5 5. Nc3 Nc6 6. g3 Nf6 7. Bg2 Be7 8. O-O O-O 9. e3 Bg4 10. dxc5 Bxc5
11. h3 Bh5 12. Qb3 Qd7 13. Kh2 Rad8 14. Nb5 a6 15. Nc3 d4 16. exd4 Nxd4 17. Nxd4 Bxd4 18. Bg5 h6 19. Bxf6 Bxf6 20. Ne4 Be7
21. Rac1 Bg6 22. Rcd1 Qc7 23. Rc1 Qe5 24. Rfe1 b5 25. a3 Bf6 26. Nxf6+ Qxf6 27. Re2 Rc8 28. Rce1 Bf5 29. Qf3 Qg6 30. Qf4 Rc2
31. Rxc2 Bxc2 32. Re2 Qd3 33. Qe4 Qxe4 34. Bxe4 Bxe4 35. Rxe4 Rc8 36. Re2=
1/2-1/2

[Event "Challenge Frank"]
[Site "SchemingMind.com"]
[Date "2015.07.08"]
[Round "-"]
[White "Stephen Woodhouse"]
[Black "Transcendent"]
[Result "1-0"]
[WhiteCountry "ENG"]
[BlackCountry "ENG"]
[WhiteElo "1854"]
[WhiteRD "48"]
[BlackElo "1606"]
[BlackRD "64"]
[GameID "383041"]

1. e4 e6 2. d4 d5 3. Nd2 Nf6 4. e5 Nfd7 5. Bd3 c5 6. c3 Nc6 7. Ne2 f6 8. exf6 Nxf6 9. O-O Bd7 10. Nf3 cxd4
11. cxd4 Bd6 12. Bf4 Qc7 13. Bxd6 Qxd6 14. Rc1 O-O 15. Bb1 Rac8 16. a3 e5 17. dxe5 Nxe5 18. Nxe5 Bb5 19. Bd3 Rxc1 20. Qxc1 Bxd3
21. Nxd3 Ng4 22. g3 h5 23. Qc5 Qg6 24. Qxd5+ Kh8 25. Nef4 Qf5 26. Qxf5 Rxf5 27. h3 Nh6 28. Rc1
1-0

[Event "Challenge Frank"]
[Site "SchemingMind.com"]
[Date "2015.07.07"]
[Round "-"]
[White "kenneth m day"]
[Black "Stephen Woodhouse"]
[Result "0-1"]
[WhiteCountry "USA"]
[BlackCountry "ENG"]
[WhiteElo "1685"]
[WhiteRD "50"]
[BlackElo "1927"]
[BlackRD "48"]
[GameID "383042"]

1. e4 e6 2. d4 d5 3. Nd2 c5 4. c3 cxd4 5. cxd4 dxe4 6. Nxe4 Bb4+ 7. Nc3 Nf6 8. Nf3 O-O 9. Bg5 Qa5 10. Bd2 Bd7
11. Bd3 Nc6 12. O-O Ne7 13. a3 Bxc3 14. Bxc3 Qh5 15. Rc1 Bc6 16. Be2 Qd5 17. Bb4 Rfe8 18. Re1 Rac8 19. Bc4 Qh5 20. Be2 Ned5
21. Bd6 Red8 22. Be5 Ng4 23. h3 Nxe5 24. Nxe5 Qg5 25. Bf3 Ne7 26. Nxc6 Nxc6 27. Rc4 Na5 28. Rxc8 Rxc8 29. Re5 Qd8 30. Re2 b6
31. b4 Nc6 32. Rd2 Ne7 33. Be4 Nd5 34. Qh5 Rc1+ 35. Kh2 Qd6+ 36. g3 Nf6 37. Qf3 Nxe4 38. Qxe4 Qd5 39. Qxd5 exd5 40. h4 f6
41. Rd3 Kf7 42. Kg2= Rc4 43. Kf3 Ke6 44. Kf4 g6 45. g4 h6 46. Ke3 f5 47. gxf5+ Kxf5 48. f3 Rc2 49. Rd2 Rxd2 50. Kxd2 Kf4
51. Ke2 Kg3 52. h5 gxh5 53. Ke3 h4
0-1

[Event "Challenge Frank"]
[Site "SchemingMind.com"]
[Date "2015.07.07"]
[Round "-"]
[White "Stephen Woodhouse"]
[Black "kenneth m day"]
[Result "1-0"]
[WhiteCountry "ENG"]
[BlackCountry "USA"]
[WhiteElo "1881"]
[WhiteRD "49"]
[BlackElo "1630"]
[BlackRD "54"]
[GameID "383043"]

1. e4 e5 2. Nf3 Nc6 3. d4 exd4 4. Nxd4 Nf6 5. Nc3 Bc5 6. Be3 Nxd4 7. Bxd4 Bxd4 8. Qxd4 O-O 9. Bc4 Re8 10. O-O-O Re7
11. Rhe1 d6 12. e5 Ne8 13. Qf4 Be6 14. exd6 Nxd6 15. Bxe6 Rxe6 16. Rxe6 fxe6 17. Ne4 Qe7 18. Nxd6 Rf8 19. Qe5 cxd6 20. Rxd6 Rf6
21. Qd4 h6 22. Rd7 e5 23. Qd5+ Qe6 24. Qxe6+ Rxe6 25. Rxb7 a6 26. Kd2 Kh7 27. c4 Rc6 28. Kd3 Kg6 29. b4 Rd6+ 30. Ke3 Rc6
31. c5 Kf6 32. Rb6
1-0

[Event "Challenge Frank"]
[Site "SchemingMind.com"]
[Date "2015.07.06"]
[Round "-"]
[White "ray winteringham"]
[Black "Stephen Woodhouse"]
[Result "0-1"]
[WhiteCountry "ENG"]
[BlackCountry "ENG"]
[WhiteElo "1497"]
[WhiteRD "49"]
[BlackElo "1872"]
[BlackRD "48"]
[GameID "383044"]

1. e4 e6 2. d4 d5 3. e5 c5 4. c3 Nc6 5. Bb5 Bd7 6. Nf3 Nxe5 7. Bxd7+ Nxd7 8. O-O Ngf6 9. Bg5 Be7 10. Nbd2 O-O
11. h3 h6 12. Bh4 Rc8 13. Bg3 cxd4 14. Nxd4 Nc5 15. b4 Nce4 16. Nxe4 Nxe4 17. Rc1 Nxc3 18. Qc2 Ne4 19. Qa4 Nxg3 20. fxg3 Qb6
21. Rcd1 Bf6 22. Rxf6 gxf6 23. Kf1 Rc4
0-1

[Event "Challenge Frank"]
[Site "SchemingMind.com"]
[Date "2015.07.06"]
[Round "-"]
[White "Stephen Woodhouse"]
[Black "ray winteringham"]
[Result "1-0"]
[WhiteCountry "ENG"]
[BlackCountry "ENG"]
[WhiteElo "1872"]
[WhiteRD "48"]
[BlackElo "1497"]
[BlackRD "49"]
[GameID "383045"]

1. e4 c6 2. d4 d5 3. exd5 cxd5 4. c4 e6 5. Nc3 Bb4 6. Nf3 Qa5 7. Bd2 Nf6 8. a3 Bxc3 9. Bxc3 Qd8 10. Bd3 h6
11. O-O O-O 12. Qe2 b6 13. Ne5 Bb7 14. cxd5 Qd6 15. dxe6 Qxe6 16. Rfe1 Qd5 17. f3 Nbd7 18. Nxd7 Nxd7 19. Be4 Rfe8 20. Bxd5 Rxe2
21. Bxb7 Rae8 22. Rxe2 Rxe2 23. Re1 Rxe1+ 24. Bxe1 Kf8 25. Bb4+ Kg8 26. d5 f6 27. d6 Kf7 28. Bd5+ Ke8 29. Bc6 g5 30. Kf2 Kd8
31. Bxd7 Kxd7 32. Ke3 a6 33. Ke4 Ke6 34. g4 a5 35. Bc3 b5 36. Bxa5 Kxd6 37. Kf5 Ke7 38. Bc3 Kd6 39. Kxf6
1-0

[Event "Challenge Frank"]
[Site "SchemingMind.com"]
[Date "2015.07.06"]
[Round "-"]
[White "fanfan_la_Tulipe"]
[Black "Stephen Woodhouse"]
[Result "1-0"]
[WhiteCountry "AUT"]
[BlackCountry "ENG"]
[WhiteElo "2061"]
[WhiteRD "71"]
[BlackElo "1872"]
[BlackRD "48"]
[GameID "383046"]

1. Nf3 e6 2. b3 f5 3. Bb2 Nf6 4. d3 Be7 5. Nbd2 O-O 6. g3 b6 7. Bg2 Bb7 8. O-O h6 9. c4 c5 10. Ne5 Bxg2
11. Kxg2 Qc7 12. Ng6 Re8 13. e4 fxe4 14. dxe4 Nc6 15. e5 Nh7 16. Ne4 Nf8 17. Nxe7+ Rxe7 18. f4 Nd8 19. Qf3 Nf7 20. Nf6+ Kh8
21. Qxa8
1-0

[Event "Challenge Frank"]
[Site "SchemingMind.com"]
[Date "2015.07.06"]
[Round "-"]
[White "Stephen Woodhouse"]
[Black "fanfan_la_Tulipe"]
[Result "0-1"]
[WhiteCountry "ENG"]
[BlackCountry "AUT"]
[WhiteElo "1854"]
[WhiteRD "48"]
[BlackElo "2070"]
[BlackRD "72"]
[GameID "383047"]

1. e4 e5 2. Nf3 d6 3. d4 Nf6 4. Nc3 Nbd7 5. Bc4 Be7 6. a4 O-O 7. O-O c6 8. Re1 Qc7 9. b3 Nb6 10. Be2 a5
11. Ba3 Bg4 12. dxe5 dxe5 13. Bxe7 Qxe7 14. h3 Bh5 15. Nh2 Bg6 16. Bf3 Rfd8 17. Qe2 Qb4 18. Qe3 h6 19. Rad1 Nbd7 20. Ng4 Nxg4
21. Bxg4 Nf6 22. Be2 Bxe4 23. Nxe4 Nxe4 24. Rxd8+ Rxd8 25. Bd3 Nc5 26. Qxe5 Nxd3 27. cxd3 Rxd3 28. Re4 Rd1+ 29. Kh2 Qd6 30. Qxd6 Rxd6
31. Re7 b6 32. Rb7 c5 33. f3 g5 34. g4 Kg7 35. Kg3 Kg6 36. h4 gxh4+ 37. Kxh4 Rf6 38. Kg3 Kg5 39. Rb8 Rd6 40. Rg8+ Kf6
41. Rh8 Ke5 42. Rf8 Rf6 43. Rd8 Rd6 44. Re8+ Kd4 45. Re7 Kc3 46. Rxf7 Kxb3 47. f4 c4 48. g5 hxg5 49. fxg5 Kxa4 50. Rf6 Rxf6
51. gxf6 c3 52. f7 c2 53. f8=Q c1=Q
0-1

[Event "Challenge Frank"]
[Site "SchemingMind.com"]
[Date "2015.07.07"]
[Round "-"]
[White "Simon Green"]
[Black "Stephen Woodhouse"]
[Result "0-1"]
[WhiteCountry "ENG"]
[BlackCountry "ENG"]
[WhiteElo "1559"]
[WhiteRD "51"]
[BlackElo "1872"]
[BlackRD "48"]
[GameID "383048"]

1. d4 e6 2. e3 d5 3. Bd3 Nf6 4. f4 c5 5. c3 Nc6 6. Nf3 Bd6 7. O-O O-O 8. Nbd2 Bd7 9. Qe1 cxd4 10. cxd4 Rc8
11. Ne5 Nb4 12. Qe2 Nxd3 13. Qxd3 a6 14. Ndf3 Bb5 15. Qb3 Bxf1 16. Kxf1 b5 17. Bd2 Ne4 18. Bb4 Bxb4 19. a3 Bd6 20. Ke2 Qc7
21. Nd3 Qc2+ 22. Qxc2 Rxc2+ 23. Kf1 Rfc8 24. g3 Nd2+ 25. Nxd2 Rxd2 26. Ne5 Bxe5 27. dxe5 Rxh2
0-1

[Event "Challenge Frank"]
[Site "SchemingMind.com"]
[Date "2015.07.07"]
[Round "-"]
[White "Stephen Woodhouse"]
[Black "Simon Green"]
[Result "1-0"]
[WhiteCountry "ENG"]
[BlackCountry "ENG"]
[WhiteElo "1872"]
[WhiteRD "48"]
[BlackElo "1559"]
[BlackRD "51"]
[GameID "383049"]

1. e4 e6 2. d4 d5 3. Nd2 Nf6 4. e5 Nfd7 5. Bd3 c5 6. c3 c4 7. Bc2 b5 8. Ne2 Be7 9. O-O f5 10. exf6 Nxf6
11. Nf3 O-O 12. Ng3 Nbd7 13. Qe2 Nb6 14. Bf4 Bd6 15. Bxd6 Qxd6 16. Ne5 Nfd7 17. Qh5 Nf6 18. Qg5 Qe7 19. Nh5 Re8 20. Nxf6+ Qxf6
21. Qh5 h6 22. Qxe8+ Qf8 23. Qxf8+ Kxf8 24. f4 Ke7 25. f5 exf5 26. Bxf5 Bxf5 27. Rxf5 Nd7 28. Rf7+
1-0

[Event "Challenge Frank"]
[Site "SchemingMind.com"]
[Date "2015.07.06"]
[Round "-"]
[White "Chessibelle"]
[Black "Stephen Woodhouse"]
[Result "0-1"]
[WhiteCountry "ENG"]
[BlackCountry "ENG"]
[WhiteElo "1215"]
[WhiteRD "58"]
[BlackElo "1872"]
[BlackRD "48"]
[GameID "383050"]

1. Nf3 e6 2. d4 d5 3. e3 Nf6 4. Nc3 c5 5. Bb5+ Bd7 6. Bd3 Nc6 7. O-O Bd6 8. g3 O-O 9. Ng5 h6 10. Nf3 Rc8
11. e4 dxe4 12. Nxe4 Nxe4 13. Bxe4 Qc7 14. c3 cxd4 15. Nxd4 Nxd4 16. Qxd4 Bc5 17. Qc4 Bxf2+
0-1

[Event "Challenge Frank"]
[Site "SchemingMind.com"]
[Date "2015.07.06"]
[Round "-"]
[White "Stephen Woodhouse"]
[Black "Chessibelle"]
[Result "1-0"]
[WhiteCountry "ENG"]
[BlackCountry "ENG"]
[WhiteElo "1872"]
[WhiteRD "48"]
[BlackElo "1215"]
[BlackRD "58"]
[GameID "383051"]

1. e4 e5 2. Nf3 Nc6 3. d4 Qe7 4. Nc3 Nf6 5. Bg5 d6 6. dxe5 dxe5 7. Nd5 Qd8 8. Nxf6+ gxf6 9. Qxd8+ Nxd8 10. Bxf6 Rg8
11. Nxe5 Be6 12. O-O-O Nc6 13. Bb5 Bxa2 14. Nxc6 Rxg2 15. Nb4+ c6 16. Nxc6 Bh6+ 17. Rd2 Rxf2 18. Ne5+ Kf8 19. Nd7+ Kg8 20. Rg1+
1-0